Structral design in metals (Record no. 11702)

000 -LEADER
fixed length control field 00502nam a22001937a 4500
001 - CONTROL NUMBER
control field 11702
003 - CONTROL NUMBER IDENTIFIER
control field BD-DhUET
008 - FIXED-LENGTH DATA ELEMENTS--GENERAL INFORMATION
fixed length control field 150218b xxu||||| |||| 00| 0 eng d
040 ## - CATALOGING SOURCE
Original cataloging agency DLC
Transcribing agency DLC
Modifying agency BD-DhUET
082 ## - DEWEY DECIMAL CLASSIFICATION NUMBER
Classification number 624.182
Item number WIL/1957
100 ## - MAIN ENTRY--PERSONAL NAME
Personal name Willims, Clifford D.
245 ## - TITLE STATEMENT
Title Structral design in metals
250 ## - EDITION STATEMENT
Edition statement 2nd ed.
260 ## - PUBLICATION, DISTRIBUTION, ETC. (IMPRINT)
Place of publication, distribution, etc. New York
Name of publisher, distributor, etc. Ronald Press
Date of publication, distribution, etc. 1957
300 ## - PHYSICAL DESCRIPTION
Extent viii, 655 p.
Other physical details ill.
Dimensions 17 cm.
650 #0 - SUBJECT ADDED ENTRY--TOPICAL TERM
Topical term or geographic name as entry element Metals Structural Engg
700 ## - ADDED ENTRY--PERSONAL NAME
Personal name Harris, Ernest C.
942 ## - ADDED ENTRY ELEMENTS (KOHA)
Koha item type General Book
Holdings
Source of classification or shelving scheme Date acquired Location (home branch) Koha full call number Copy number Koha date last seen Not for loan Damaged status Piece designation (barcode) Withdrawn status Sublocation or collection (holding branch) Lost status Price effective from Koha item type Koha normalized classification for sorting Shelving location
 2015-02-18Central Library, BUET624.182/WIL/195712015-02-18  61224 Central Library, BUET 2015-02-18General Book624_182000000000000_WIL_1957Circulation section
 2015-02-18Central Library, BUET624.182/WIL/195722015-02-18  42428 Central Library, BUET 2015-02-18General Book624_182000000000000_WIL_1957Circulation section
 2015-02-18Central Library, BUET624.182/WIL/195732015-02-18  11560 Central Library, BUET 2015-02-18General Book624_182000000000000_WIL_1957Circulation section
 2015-02-18Central Library, BUET624.182/WIL/195742015-02-18  61147 Central Library, BUET 2015-02-18General Book624_182000000000000_WIL_1957Circulation section
 2015-05-10Central Library, BUET624.182/WIL/195752015-05-10  42357 Central Library, BUET 2015-05-10General Book624_182000000000000_WIL_1957Circulation section
 2015-05-12Central Library, BUET624.182/WIL/195762015-05-12  11559 Central Library, BUET 2015-05-12General Book624_182000000000000_WIL_1957Circulation section